Las crónicas de Narnia : (Registro nro. 8648)

Detalles MARC
000 -LIDER
fixed length control field 00950nam a22002777a 4500
003 - IDENTIFICACDOR DE NÚMERO DE CONTROL
control field DO-SdBNP
005 - DATE AND TIME OF LATEST TRANSACTION
control field 20211118120424.0
008 - ELEMENTOS DE LONGITUD FIJA
fixed length control field 151111b 2005 sp || 00| 0 spa d
020 ## - ISBN
International Standard Book Number 9788408062646
040 ## - FUENTE DE CATALOGACIÓN
Agencia que crea de manera original el registro BPMSU
Idioma de catalogación spa
Agencia que realiza la transcripción BPMSU
082 #4 - NÚMERO DE CLASIFICACIÓN DECIMAL DE DEWEY
Classification number 891.623
Item number L673c 2005
Edition number 22
100 1# - ASIENTO PRINCIPAL -- NOMBRE PERSONAL
Nombre personal Lewis, Clive Staples,
Fechas asociadas con el nombre 1898-1963.
245 14 - MENCIÓN DE TITULO
Título Las crónicas de Narnia :
Subtítulo El león, la bruja y el armario /
Mención de responsabilidad C. S. Lewis ; traducción de Gemma Gallart ; ilustraciones de Pauline Baynes.
260 ## - PUBLICACIÓN, DISTRIBUCIÓN, ETC. (PIE DE IMPRENTA)
Lugar de publicación, distribución, etc México :
Nombre del editor, distribuidor, etc. Destino,
Fecha de publicación, distribución, etc 2005.
--
300 ## - DESCRIPCIÓN FÍSICA
Extensión v. ;
Dimensiones 21 cm.
Otros detalles físicos
490 0# - MENCIÓN DE SERIES
Mención de serie Las crónicas de Narnia,
Volume/sequential designation 2
534 ## - NOTA SOBRE LA VERSIÓN ORIGINAL
Asiento principal del original ítulo original :
Mención del título original The lion, the witch and the wardrobe.
590 ## - NOTA LOCAL
Enlace Inventariado, 2021/VM
650 #4 - ENCABEZAMIENTO DE MATERIA--TEMÁTICO
Término temático o nombre geográfico como elemento de entrada Novela juvenil irlandesa.
650 #4 - ENCABEZAMIENTO DE MATERIA--TEMÁTICO
Término temático o nombre geográfico como elemento de entrada Brujas
Subdivisión de forma Novela juvenil.
700 1# - ASIENTO SECUNDARIO -- NOMBRE PERSONAL
Nombre personal Gallart, Gemma,
Mención de responsabilidad tr.
700 1# - ASIENTO SECUNDARIO -- NOMBRE PERSONAL
Nombre personal Baynes, Pauline,
Mención de responsabilidad il.
740 ## - ASIENTO SECUNDARIO DE TÍTULOS RELACIONADOS O ANALÍTICOS NO CONTROLADOS
Título analítico o relacionado no controlado El León, la bruja y el armario
910 ## - VALIDACIÓN
Validación VMateo V.
942 ## - ADDED ENTRY ELEMENTS (KOHA)
Source of classification or shelving scheme Dewey Decimal Classification
Koha item type Libros
Existencias
Withdrawn status Lost status Source of classification or shelving scheme Damaged status Not for loan Home library Current library Date acquired Source of acquisition Total Checkouts Full call number Barcode Date last seen Copy number Price effective from Koha item type
    Dewey Decimal Classification     Biblioteca Pública Metropolitana Salomé Ureña Biblioteca Pública Metropolitana Salomé Ureña 11/11/2015 Donación   BPMSU CJG 891.623 L673c 2005 BPMSU15110199 11/11/2015 v.2 11/11/2015 Libros